Statistics for Basic general knowledge

Click here to take the quiz!

General Stats

  • This quiz has been taken 201 times
  • The average score is 5 of 9

Answer Stats

QuestionsAnswer% Correct
Longest riverNile
88%
Largest desertSahara
88%
Highest peakMt Everest
87%
3rd largest continentNorth america
82%
Waterfall with the highest volume of waterNiagara falls
68%
Roman goddess of love and beautyVenus
46%
Type of mammal with a pouchMarsupial
39%
Longest river in asiaYangtze kiang
26%
Ceo of googleSundarpichai
20%

Score Distribution

Percentile by Number Answered

Percent of People with Each Score

Your Score History

You have not taken this quiz